Cities of the Known World - ASOIAF (Game of Thrones) - Statistics

General Stats
  • This quiz has been taken 192 times
  • The average score is 19 of 61
Answers on the Map
Answers color-coded by a green-red scale on the quiz's map according to % correct below.
 
Answer Stats
Answer % Correct
King's Landing
97%
Meereen
90%
Braavos
88%
Lannisport
85%
Oldtown
83%
Lys
79%
Pentos
79%
Astapor
78%
Qarth
77%
Myr
76%
White Harbor
76%
Volantis
75%
Volantis
75%
Yunkai
75%
Asshai
71%
Vaes Dothrak
70%
Tyrosh
65%
Gulltown
59%
Qohor
56%
Norvos
51%
Lorath
43%
New Ghis
38%
Mantarys
25%
Barrowtown
19%
Elyria
16%
Port of Ibben
16%
Yin
15%
Kayakayanaya
13%
Tolos
12%
Saath
11%
Carcosa
10%
Leng Ma
10%
Selhorys
9%
Asabhad
8%
Bayasabhad
8%
Nefer
8%
Port Moraq
8%
Volon Therys
8%
City of the Winged Men
7%
New Ibbish
7%
Trader Town
7%
K'Dath
6%
Valysar
6%
Ib Nor
5%
Ib Sar
5%
Leng Yi
5%
Lotus Port
5%
Samyriana
5%
Bonetown
4%
Kosrak
4%
Morosh
4%
Vahar
4%
Faros
3%
Hesh
3%
Jinqi
3%
Lhazosh
3%
Port Yhos
3%
Qarkash
3%
Tiqui
3%
Turrani
3%
Zabhad
3%
No matching quizzes found
Score Distribution
Percent of People with Each Score
Percentile by Number Answered
Your Score History
You have not taken this quiz